00710nam a22002177a 450000500170000001000150001702000260003203500140005803700090007208200120008110000310009324500590012426000460018327000420022930000210027170000100029271000100030294200310031299900190034395201300036220240410164208.0 aENG-140135 c150.00a9788182650183 aEN-123667 bDBAD a615.892 aVenkataraman , Rama964641 aThe Energy Pathways in Our Body/cBy Rama Venkataraman aNew DelhibSrikunj Sadbhavana Manchc1996 bNew DelhiaF- 52 , Bali Nagare110015 a147p.c22cm(pbk) 964630 959600 2ddccENh615.892mVENe1st c202120d202120 001040708NFICaAVbAVd2024-04-10eDBADg150.00l0o615.892 VENpEN-123667r2024-04-10 00:00:00t1v150.00w2024-04-10yEN